<?xml version="1.0" encoding="UTF-8"?>
<record
    xmlns:xsi="http://www.w3.org/2001/XMLSchema-instance"
    xsi:schemaLocation="http://www.loc.gov/MARC21/slim http://www.loc.gov/standards/marcxml/schema/MARC21slim.xsd"
    xmlns="http://www.loc.gov/MARC21/slim">

  <leader>00396    a2200109   4500</leader>
  <controlfield tag="001">ART_39583</controlfield>
  <controlfield tag="005">20260410162012.0</controlfield>
  <controlfield tag="008">260409a                                 </controlfield>
  <datafield tag="245" ind1="1" ind2="0">
    <subfield code="a">La cr&#xED;tica de Hayek a la cr&#xED;tica racionalista de la moral de mercado</subfield>
  </datafield>
  <datafield tag="100" ind1="1" ind2=" ">
    <subfield code="a">Marqu&#xE9;s, Gustavo L.</subfield>
  </datafield>
  <datafield tag="773" ind1="0" ind2=" ">
    <subfield code="t">Documentos del CIECE</subfield>
    <subfield code="g">Ensayos sobre racionalidad en econom&#xED;a - N&#xBA; 4 (ene./jun. 2008)</subfield>
    <subfield code="w">REV39541</subfield>
  </datafield>
  <datafield tag="999" ind1=" " ind2=" ">
    <subfield code="c">32283</subfield>
    <subfield code="d">32283</subfield>
  </datafield>
</record>
